| 000 | 00490nam a2200181Ia 4500 | ||
|---|---|---|---|
| 001 | 4040 | ||
| 003 | IN-NITTTR | ||
| 005 | 20251114232954.0 | ||
| 008 | 251113s9999||||xx |||||||||||||| ||eng|| | ||
| 040 | _beng | ||
| 040 | _cIN-NITTTR | ||
| 041 | _aeng | ||
| 082 | _a669 B275S | ||
| 100 | _aBarrett, Charles S. | ||
| 245 | 0 |
_aStructure of metals : _b crystallographic methods,principles and data. / _cBarrett, Charles S., Massalski, T. B. |
|
| 700 | _a Massalski, T. B. | ||
| 942 |
_2ddc _cBK |
||
| 999 |
_c6511 _d6511 |
||